[Event "4NCL Division 3 North"]
[Site "Bolton, ENG"]
[Date "2020.02.08"]
[Round "5.31"]
[White "Haslinger, Gareth J"]
[Black "Adams, Philip"]
[Result "0-1"]
[WhiteElo "2021"]
[BlackElo "2042"]
[PlyCount "74"]
[EventDate "2020.02.08"]
[WhiteTeam "Manx Liberty 2"]
[BlackTeam "3Cs 2"]

1. d4 Nf6 2. Nf3 g6 3. Bf4 Bg7 4. e3 O-O 5. Be2 c5 6. c3 b6 7. a4 Bb7 8. O-O d6
9. h3 Nbd7 10. Bh2 a6 11. Nbd2 cxd4 12. cxd4 Rc8 13. Bd3 e5 14. e4 exd4 15.
Bxd6 Re8 16. Qb3 Nxe4 17. Nxe4 Bxe4 18. Bxe4 Rxe4 19. Rfe1 Nc5 20. Qd5 Re6 21.
Ng5 Qxd6 22. Qc4 Rxe1+ 23. Rxe1 Qf8 24. Rc1 a5 25. b4 axb4 26. a5 bxa5 27. Ne4
Qe7 28. Nxc5 Bf8 29. Qxd4 Rxc5 30. Rd1 Re5 31. Kh2 Re4 32. Qb6 a4 33. Rd8 a3
34. Ra8 h5 35. g3 h4 36. Qb8 hxg3+ 37. Qxg3 Qe5 0-1

[Event "4NCL Division 3 North"]
[Site "Bolton ENG"]
[Date "2020.02.08"]
[Round "5.32"]
[White "Rita, Joao Candido"]
[Black "Fabri, Henrik"]
[Result "1/2-1/2"]
[WhiteElo "1989"]
[BlackElo "1891"]
[PlyCount "56"]
[EventDate "2020.02.08"]
[WhiteTeam "Bradford DCA Knights C"]
[BlackTeam "Shropshire 1"]

1. e4 Nf6 2. e5 Nd5 3. c4 Nb6 4. d4 d6 5. exd6 exd6 6. Nc3 Nc6 7. Be3 Be7 8.
Bd3 O-O 9. a3 Re8 10. Nge2 Bg5 11. Qd2 Bxe3 12. fxe3 Na5 13. O-O Nbxc4 14. Qe1
Nxe3 15. Rf4 Qg5 16. Qf2 Ng4 17. Qf1 Nf6 18. Kh1 Nb3 19. Rd1 d5 20. Bc2 Na5 21.
Rd3 Qh6 22. Rdf3 c6 23. Ng3 Ng4 24. Qg1 Re1 25. Nf1 Nc4 26. Rxf7 Nf6 27. R7xf6
gxf6 28. Qf2 Re8 1/2-1/2

[Event "4NCL Division 3 North"]
[Site "Bolton, ENG"]
[Date "2020.02.08"]
[Round "5.33"]
[White "Akeya-Price, Robert"]
[Black "Gittens, Nathan L"]
[Result "1-0"]
[WhiteElo "1818"]
[BlackElo "1990"]
[PlyCount "55"]
[EventDate "2020.02.08"]
[WhiteTeam "Manx Liberty 2"]
[BlackTeam "3Cs 2"]

1. c4 e6 2. Nf3 d5 3. g3 c6 4. Bg2 dxc4 5. a4 Nf6 6. Na3 Nbd7 7. Nxc4 Nb6 8.
Nce5 Be7 9. O-O a5 10. d4 O-O 11. Qc2 Nbd5 12. Rd1 Nb4 13. Qb3 Qd5 14. Nc4 b5
15. axb5 a4 16. Rxa4 Rxa4 17. Nfe5 Ne4 18. Qxa4 cxb5 19. Qa7 bxc4 20. Qxe7 Nc2
21. e3 f5 22. Qc7 Ba6 23. Nd7 Rc8 24. Qb6 Bb5 25. Nc5 Bc6 26. Bd2 f4 27. Bxe4
Qh5 28. Rf1 1-0

[Event "4NCL Division 3 North"]
[Site "Bolton, ENG"]
[Date "2020.02.08"]
[Round "5.34"]
[White "Taylor, Mike"]
[Black "Miah, Zahed"]
[Result "0-1"]
[WhiteElo "1907"]
[BlackElo "1816"]
[PlyCount "102"]
[EventDate "2020.02.08"]
[WhiteTeam "3Cs 2"]
[BlackTeam "Manx Liberty 2"]

1. d4 Nf6 2. c4 e6 3. Nc3 Bb4 4. e3 d5 5. a3 Bxc3+ 6. bxc3 O-O 7. Bd3 b6 8. Ne2
Bb7 9. f3 Nbd7 10. O-O c5 11. Ng3 Qc7 12. cxd5 Nxd5 13. Qc2 h6 14. Ne2 c4 15.
Be4 f5 16. Bxd5 Bxd5 17. Bd2 Rae8 18. e4 Bb7 19. Ng3 f4 20. Ne2 e5 21. Rad1 b5
22. dxe5 g5 23. e6 Rxe6 24. Nd4 Qb6 25. Kh1 Ref6 26. Rg1 Ne5 27. Nf5 Nd3 28.
Be1 Re8 29. h3 h5 30. g4 h4 31. Nd4 a6 32. Rb1 Bc6 33. Qa2 Rb8 34. a4 Qc7 35.
Nf5 Kh7 36. axb5 axb5 37. Qg2 Ra8 38. Bf2 Ra2 39. Rgf1 Qa5 40. Qg1 Nxf2+ 41.
Rxf2 Rf7 42. Rxa2 Qxa2 43. Ra1 Qe2 44. Nd4 Qd3 45. Nxc6 Qxf3+ 46. Kh2 Qxc3 47.
e5 f3 48. e6 f2 49. Qg2 Qxa1 50. exf7 f1=Q 51. Qe4+ Kg7 0-1

[Event "4NCL Division 3 North"]
[Site "Bolton, ENG"]
[Date "2020.02.08"]
[Round "5.35"]
[White "Haslinger, J Mike"]
[Black "Tebelev, Michael"]
[Result "0-1"]
[WhiteElo "1769"]
[BlackElo "1930"]
[PlyCount "62"]
[EventDate "2020.02.08"]
[WhiteTeam "Manx Liberty 2"]
[BlackTeam "3Cs 2"]

1. d4 Nf6 2. Nf3 g6 3. Nc3 c5 4. d5 d6 5. e4 Bg4 6. Bb5+ Nbd7 7. a4 Bg7 8. h3
Bxf3 9. gxf3 O-O 10. Be3 Qa5 11. Bd2 a6 12. Be2 Qd8 13. Qc1 Ne8 14. Ra3 Nc7 15.
Bh6 Rb8 16. Bxg7 Kxg7 17. Rb3 c4 18. Bxc4 Nc5 19. Ra3 b5 20. axb5 axb5 21. b4
Nd7 22. Be2 e6 23. dxe6 fxe6 24. Qe3 Qf6 25. Ra7 Rfc8 26. Nxb5 Nxb5 27. Rxd7+
Kf8 28. O-O Qh4 29. Bxb5 Rxb5 30. Qd4 Rg5+ 31. Kh2 Qf4+ 0-1

[Event "4NCL Division 3 North"]
[Site "Bolton, ENG"]
[Date "2020.02.08"]
[Round "5.36"]
[White "Griffiths, Gareth N R"]
[Black "Costello, John"]
[Result "0-1"]
[WhiteElo "1765"]
[BlackElo "1722"]
[PlyCount "70"]
[EventDate "2020.02.08"]
[WhiteTeam "3Cs 2"]
[BlackTeam "Manx Liberty 2"]

1. e4 d5 2. exd5 Qxd5 3. Nc3 Qd8 4. d4 Nf6 5. Nf3 Bf5 6. Bf4 c6 7. Bd3 Bxd3 8.
Qxd3 e6 9. O-O Be7 10. Rad1 O-O 11. Rfe1 Nbd7 12. Ng5 h6 13. Nge4 Nxe4 14. Nxe4
Nf6 15. c4 Nxe4 16. Rxe4 Bg5 17. Bxg5 Qxg5 18. Qf3 Rad8 19. Rg4 Qf5 20. Qxf5
exf5 21. Rg3 Rfe8 22. Re3 Re4 23. Rxe4 fxe4 24. f3 exf3 25. gxf3 g5 26. Kf2 f5
27. Ke3 Re8+ 28. Kd2 Rd8 29. Kc3 Kf7 30. d5 cxd5 31. Rxd5 Rxd5 32. cxd5 Ke7 33.
Kd3 Kd6 34. Kd4 h5 35. h3 h4 0-1

[Event "4NCL Division 3 North"]
[Site "Bolton, ENG"]
[Date "2020.02.08"]
[Round "5.41"]
[White "Surtees, Mike J"]
[Black "Crocker, Philip J"]
[Result "0-1"]
[WhiteElo "2162"]
[BlackElo "2090"]
[PlyCount "78"]
[EventDate "2020.02.08"]
[WhiteTeam "Bolton & Worsley"]
[BlackTeam "Spirit of Atticus B"]

1. e4 Nf6 2. d3 e5 3. f4 Nc6 4. fxe5 Nxe5 5. Nf3 Nxf3+ 6. Qxf3 c6 7. Nc3 Bc5 8.
h3 h6 9. Bf4 d5 10. e5 Nd7 11. Ne2 d4 12. O-O-O Nb6 13. Ng3 Na4 14. Ne4 Qb6 15.
b3 Nc3 16. Nxc3 dxc3 17. d4 Bxd4 18. Qd3 c5 19. g4 Bd7 20. Bg2 O-O-O 21. Kb1
Be6 22. Qe2 a5 23. Be4 a4 24. Bf5 Rhe8 25. Qc4 Qb4 26. Qxb4 cxb4 27. Rhe1 axb3
28. axb3 Bf2 29. Rf1 Bc5 30. Bxe6+ Rxe6 31. Bg3 Rd2 32. Bf4 Re2 33. Rd5 Be3 34.
Bxe3 Rxe3 35. Rfd1 R3xe5 36. Rd8+ Kc7 37. R8d7+ Kb8 38. Rxf7 Re1 39. Kc1 Ra6
0-1

[Event "4NCL Division 3 North"]
[Site "Bolton, ENG"]
[Date "2020.02.08"]
[Round "5.42"]
[White "Ackley, Peter J E"]
[Black "Sakic, Lorand"]
[Result "1-0"]
[WhiteElo "2021"]
[BlackElo "2027"]
[PlyCount "113"]
[EventDate "2020.02.08"]
[WhiteTeam "Spirit of Atticus B"]
[BlackTeam "Bolton & Worsley"]

1. g3 e5 2. c4 Nf6 3. Bg2 d5 4. cxd5 Nxd5 5. Nf3 Nc6 6. O-O Bc5 7. Nc3 Nxc3 8.
bxc3 O-O 9. d3 Bg4 10. Rb1 Rb8 11. Ng5 h6 12. Ne4 Be7 13. Be3 b6 14. Qa4 Na5
15. Nf6+ Bxf6 16. Qxg4 Kh8 17. Be4 Nb7 18. Qf5 g6 19. Qf3 Nd6 20. Bxh6 Nxe4 21.
Qxe4 Re8 22. Be3 Bg7 23. Qc4 Qd7 24. Kg2 c5 25. f3 Rbd8 26. h4 Kg8 27. h5 gxh5
28. Rh1 Qf5 29. Rh3 Bf6 30. Rbh1 h4 31. gxh4 Kf8 32. Rg3 Ke7 33. Bg5 Rg8 34.
Qg4 Qxg4 35. Bxf6+ Kxf6 36. Rxg4 Rh8 37. Kf2 Rh5 38. Ke3 Rdh8 39. f4 exf4+ 40.
Rxf4+ Ke6 41. Ra4 Ra8 42. Rb1 Rhh8 43. Re4+ Kd6 44. Rf1 Rh7 45. Rf6+ Kd7 46. d4
cxd4+ 47. cxd4 Rc8 48. Ref4 Ke7 49. d5 Rc2 50. d6+ Ke8 51. d7+ Ke7 52. Rxf7+
Rxf7 53. Rxf7+ Kd8 54. h5 Rxa2 55. h6 Ra3+ 56. Kd4 Rh3 57. h7 1-0

[Event "4NCL Division 3 North"]
[Site "Bolton, ENG"]
[Date "2020.02.08"]
[Round "5.43"]
[White "Nagy, Viktor"]
[Black "Phillips, David A"]
[Result "0-1"]
[WhiteElo "1772"]
[BlackElo "2055"]
[PlyCount "82"]
[EventDate "2020.02.08"]
[WhiteTeam "Bolton & Worsley"]
[BlackTeam "Spirit of Atticus B"]

1. Nf3 Nf6 2. b3 g6 3. Bb2 Bg7 4. e3 c5 5. c4 Nc6 6. Be2 b6 7. O-O O-O 8. d4
cxd4 9. exd4 d5 10. Nbd2 Bb7 11. Rc1 Rc8 12. Ne5 dxc4 13. Nxc6 Bxc6 14. bxc4
Qd6 15. d5 Bd7 16. Ba1 e6 17. Bxf6 Bxf6 18. Ne4 Qe5 19. Nxf6+ Qxf6 20. Bf3 Rc5
21. Re1 Rfc8 22. Qe2 b5 23. h3 Rxc4 24. Rxc4 bxc4 25. dxe6 Bxe6 26. Rc1 c3 27.
Bg4 Qf4 28. Qe1 Bxg4 29. hxg4 c2 30. Qe3 Qxe3 31. fxe3 Kf8 32. Kf2 Ke7 33. Ke2
Kf6 34. Kf3 Kg5 35. g3 Rc4 36. a3 a6 37. a4 a5 38. Ke2 Kxg4 39. Kd3 Rc7 40.
Rxc2 Rxc2 41. Kxc2 Kxg3 0-1

[Event "4NCL Division 3 North"]
[Site "Bolton, ENG"]
[Date "2020.02.08"]
[Round "5.44"]
[White "Bimpson, Tom"]
[Black "Moan, Francis E"]
[Result "1-0"]
[WhiteElo "1940"]
[BlackElo "1735"]
[PlyCount "65"]
[EventDate "2020.02.08"]
[WhiteTeam "Spirit of Atticus B"]
[BlackTeam "Bolton & Worsley"]

1. d4 d5 2. Nf3 e6 3. Bf4 Bd6 4. Bg3 Nf6 5. Nbd2 O-O 6. e3 Bxg3 7. hxg3 Nc6 8.
c3 Qd6 9. Bd3 h6 10. Qc2 e5 11. dxe5 Nxe5 12. Nxe5 Qxe5 13. O-O-O c5 14. Nf3
Qe7 15. Nh4 Ne4 16. g4 c4 17. Bxe4 dxe4 18. Nf5 Bxf5 19. gxf5 Rfd8 20. Rd4 Rxd4
21. cxd4 b5 22. f6 Qe6 23. Rh4 Re8 24. Rh5 a6 25. Re5 Qc8 26. Qxe4 Rd8 27. Rc5
Qb8 28. Qh4 Qb6 29. fxg7 Qa5 30. f4 Kxg7 31. Rc6 Rh8 32. Qf6+ Kh7 33. Qxf7# 1-0

[Event "4NCL Division 3 North"]
[Site "Bolton, ENG"]
[Date "2020.02.08"]
[Round "5.45"]
[White "Doherty, Paul"]
[Black "Johnson, Michael D"]
[Result "0-1"]
[WhiteElo "1750"]
[BlackElo "1942"]
[PlyCount "59"]
[EventDate "2020.02.08"]
[WhiteTeam "Bolton & Worsley"]
[BlackTeam "Spirit of Atticus B"]

1. e4 e6 2. a3 d5 3. e5 c5 4. b4 cxb4 5. d4 bxa3 6. c3 Bd7 7. Nf3 Bc6 8. Bd3 h6
9. O-O Nd7 10. Nxa3 a6 11. Nc2 Nb6 12. Nb4 Bxb4 13. cxb4 Bb5 14. Qe2 Bxd3 15.
Qxd3 Nc4 16. Nd2 b5 17. f4 g6 18. Nb3 Ne7 19. Nc5 Nc6 20. Rb1 h5 21. Bd2 Qh4
22. Nxe6 fxe6 23. Qxg6+ Kd7 24. Be1 Qg4 25. Qf7+ Ne7 26. f5 Qxd4+ 27. Bf2 Qxe5
28. f6 Rhe8 29. Rfe1 Qf5 30. Bc5 0-1

[Event "4NCL Division 3 North"]
[Site "Bolton, ENG"]
[Date "2020.02.08"]
[Round "5.46"]
[White "Mort, Andrew J"]
[Black "Busznyak, Arpad"]
[Result "1-0"]
[WhiteElo "1967"]
[BlackElo "1570"]
[PlyCount "91"]
[EventDate "2020.02.08"]
[WhiteTeam "Spirit of Atticus B"]
[BlackTeam "Bolton & Worsley"]

1. c4 e5 2. g3 Nc6 3. Bg2 Bc5 4. Nc3 Nf6 5. e3 Ne7 6. d4 exd4 7. exd4 Bb4 8.
Bg5 Ng6 9. Nge2 h6 10. Bxf6 Qxf6 11. O-O c6 12. Ne4 Qe7 13. c5 O-O 14. Nd6 Ba5
15. Nc3 Bc7 16. Re1 Qd8 17. h4 Nh8 18. Qg4 Bxd6 19. cxd6 f5 20. Qf4 Qf6 21. d5
Ng6 22. Qc4 Kh7 23. Rad1 b5 24. Qe2 Bb7 25. h5 Nh8 26. dxc6 Bxc6 27. Qe7 Rf7
28. Qxf6 Rxf6 29. Nxb5 Bxg2 30. Kxg2 Nf7 31. Re7 a6 32. Nc7 Ra7 33. Ne8 Re6 34.
Rxf7 Rxe8 35. Rxf5 Re6 36. Ra5 Rf6 37. b3 Kg8 38. f4 Kf8 39. Rc5 Ra8 40. Kf3
Kf7 41. Re5 Re6 42. Ra5 Ke8 43. f5 Rf6 44. g4 Kd8 45. Re5 Rf7 46. Rde1 1-0

[Event "4NCL Division 3 North"]
[Site "Bolton, ENG"]
[Date "2020.02.08"]
[Round "5.51"]
[White "Potter, Steven"]
[Black "Whitfield, Craig M"]
[Result "0-1"]
[WhiteElo "1840"]
[BlackElo "2297"]
[PlyCount "56"]
[EventDate "2020.02.08"]
[WhiteTeam "Manchester Manticores 4"]
[BlackTeam "J'Adoube 1"]

1. d4 Nf6 2. Bg5 g6 3. Bxf6 exf6 4. e3 Bg7 5. Nf3 b6 6. Bd3 Bb7 7. Nbd2 f5 8.
Qe2 O-O 9. O-O-O c5 10. h4 Nc6 11. h5 Rc8 12. hxg6 hxg6 13. Ne5 cxd4 14. exd4
Nxd4 15. Qe3 Re8 16. f4 d6 17. Qxd4 dxe5 18. Qxd8 Rexd8 19. Bf1 exf4 20. Rh4
Bf6 21. Rxf4 Bg5 22. Rf2 Be3 23. Re2 f4 24. c3 Rd6 25. Kc2 Rcd8 26. b3 Bc8 27.
a4 Bf5+ 28. Kc1 Bg4 0-1

[Event "4NCL Division 3 North"]
[Site "Bolton, ENG"]
[Date "2020.02.08"]
[Round "5.52"]
[White "Boswell, Jacob Connor"]
[Black "Dehghan-Afifi, Sajjad"]
[Result "1-0"]
[WhiteElo "2162"]
[BlackElo "1802"]
[PlyCount "31"]
[EventDate "2020.02.08"]
[WhiteTeam "J'Adoube 1"]
[BlackTeam "Manchester Manticores 4"]

1. e4 e6 2. d4 d5 3. Nd2 Nf6 4. e5 Nfd7 5. Bd3 c5 6. c3 Nc6 7. Ne2 cxd4 8. cxd4
f6 9. Nf4 Nxd4 10. Qh5+ Ke7 11. Ng6+ hxg6 12. exf6+ gxf6 13. Qxh8 Ne5 14. Bxg6
Qa5 15. O-O Ne2+ 16. Kh1 {computer in bag came on} 1-0

[Event "4NCL Division 3 North"]
[Site "Bolton, ENG"]
[Date "2020.02.08"]
[Round "5.53"]
[White "Jayawarna, Tarini"]
[Black "Acey, Gerald"]
[Result "0-1"]
[WhiteElo "1712"]
[BlackElo "2050"]
[PlyCount "110"]
[EventDate "2020.02.08"]
[WhiteTeam "Manchester Manticores 4"]
[BlackTeam "J'Adoube 1"]

1. e4 e5 2. Nf3 Nc6 3. Bb5 a6 4. Ba4 Nf6 5. O-O Be7 6. Re1 b5 7. Bb3 d6 8. h3
O-O 9. c3 Na5 10. Bc2 c5 11. d4 Qc7 12. d5 Bd7 13. Nbd2 c4 14. Nf1 Nb7 15. N3h2
Rfe8 16. Ng3 Nc5 17. f4 exf4 18. Bxf4 a5 19. Qf3 b4 20. Bg5 h6 21. Bxf6 Bxf6
22. Nf5 Bxf5 23. exf5 bxc3 24. bxc3 Nd3 25. Bxd3 cxd3 26. Qxd3 Qxc3 27. Qxc3
Bxc3 28. Rxe8+ Rxe8 29. Rc1 Bd4+ 30. Kh1 Re2 31. Nf3 Bc5 32. a4 Kf8 33. Re1 Ra2
34. Re4 Ra1+ 35. Kh2 Rd1 36. g4 Rxd5 37. Kg2 Rd3 38. Rc4 Rb3 39. Ne5 Rb2+ 40.
Kf3 Rb4 41. Rxb4 axb4 42. Nd7+ Ke7 43. Nxc5 dxc5 44. Ke3 Kd6 45. Kd3 b3 46. Kc3
c4 47. Kb2 Kc5 48. Kc3 Kb6 49. Kb2 f6 50. h4 Ka6 51. Ka3 Ka5 52. h5 Ka6 53. Kb2
Kb6 54. Ka3 Ka5 55. Kb2 Kxa4 0-1

[Event "4NCL Division 3 North"]
[Site "Bolton, ENG"]
[Date "2020.02.08"]
[Round "5.54"]
[White "Turner, John M"]
[Black "Grindrod, John"]
[Result "1/2-1/2"]
[WhiteElo "1960"]
[BlackElo "1667"]
[PlyCount "111"]
[EventDate "2020.02.08"]
[WhiteTeam "J'Adoube 1"]
[BlackTeam "Manchester Manticores 4"]

1. e4 e6 2. d4 d5 3. Nd2 dxe4 4. Nxe4 Nf6 5. Bg5 Be7 6. Bxf6 Bxf6 7. Nf3 O-O 8.
c3 b6 9. Bd3 Bb7 10. O-O Nd7 11. Qe2 g6 12. Nxf6+ Qxf6 13. Ne5 Nxe5 14. dxe5
Qe7 15. Rad1 Rad8 16. f4 Qc5+ 17. Qf2 Qxf2+ 18. Kxf2 c5 19. g3 Bc6 20. Be2 Rfe8
21. Rxd8 Rxd8 22. Rd1 Rxd1 23. Bxd1 Kf8 24. b4 cxb4 25. cxb4 Ke7 26. Ke3 Kd7
27. Kd4 Bd5 28. a4 h5 29. Be2 Kc7 30. Bd3 Bc6 31. a5 Bd7 32. Be2 Bc6 33. g4
hxg4 34. Bxg4 Be8 35. Be2 Bc6 36. Kc4 Be8 37. Kd4 Bc6 38. h4 Be8 39. h5 gxh5
40. Bxh5 Kc6 41. Kc4 Kc7 42. Be2 Bc6 43. Bd3 Bd7 44. Kd4 Kc6 45. b5+ Kc7 46. a6
Kd8 47. Ke4 Ke7 48. Kf3 f5 49. Kg3 Kf7 50. Kh4 Ke7 51. Kg5 Be8 52. Be2 Bd7 53.
Kg6 Be8+ 54. Kg7 Bd7 55. Bc4 Be8 56. Be2 1/2-1/2

[Event "4NCL Division 3 North"]
[Site "Bolton, ENG"]
[Date "2020.02.08"]
[Round "5.55"]
[White "Beswick, Andrew"]
[Black "Bennett, Patrick"]
[Result "0-1"]
[WhiteElo "1562"]
[BlackElo "1997"]
[PlyCount "78"]
[EventDate "2020.02.08"]
[WhiteTeam "Manchester Manticores 4"]
[BlackTeam "J'Adoube 1"]

1. e4 g6 2. d4 Bg7 3. Nf3 d6 4. Bc4 Nf6 5. Qe2 O-O 6. O-O Bg4 7. Bf4 Nc6 8. c3
e5 9. dxe5 Nh5 10. Be3 Nxe5 11. Nbd2 Qd7 12. Bb3 Rae8 13. Nxe5 Bxe5 14. f3 Be6
15. Nc4 Bg7 16. Rad1 Qb5 17. Rfe1 Nf6 18. Bd4 Nd7 19. Bxg7 Kxg7 20. Nd2 Qb6+
21. Qe3 Nc5 22. Kh1 Nxb3 23. Qxb6 axb6 24. Nxb3 Ra8 25. Nd4 Rxa2 26. Nxe6+ fxe6
27. Rd2 Rfa8 28. Kg1 R8a3 29. Ree2 Rb3 30. Kf2 e5 31. Ke3 b5 32. f4 Kf6 33.
fxe5+ Kxe5 34. Rf2 Ke6 35. Kf4 h6 36. h4 c5 37. g4 b4 38. cxb4 Ra8 39. g5 Rf8+
0-1

[Event "4NCL Division 3 North"]
[Site "Bolton, ENG"]
[Date "2020.02.08"]
[Round "5.56"]
[White "Doran, Chris"]
[Black "Wilson, Jeff"]
[Result "1-0"]
[WhiteElo "2005"]
[BlackElo "1319"]
[PlyCount "77"]
[EventDate "2020.02.08"]
[WhiteTeam "J'Adoube 1"]
[BlackTeam "Manchester Manticores 4"]

1. e4 e5 2. Nf3 Nc6 3. Bb5 a6 4. Ba4 Nf6 5. O-O Be7 6. Re1 b5 7. Bb3 d6 8. c3
Nb8 9. d4 Nbd7 10. Nbd2 c5 11. Nf1 O-O 12. Ng3 g6 13. h3 Re8 14. a4 c4 15. Bc2
Bb7 16. b3 Qc7 17. bxc4 Qxc4 18. Bb2 h6 19. Bb3 Qc7 20. axb5 axb5 21. Rxa8 Rxa8
22. Qd2 Kg7 23. Nh4 Rh8 24. Ba3 Ng8 25. Nf3 Nb6 26. Bb4 Nc4 27. Qd3 Nf6 28.
dxe5 dxe5 29. Bxe7 Qxe7 30. Bxc4 bxc4 31. Qxc4 Rc8 32. Qb4 Qxb4 33. cxb4 Rc4
34. Rb1 Nd7 35. Nd2 Rd4 36. Rb2 Kf6 37. f3 Ke6 38. Kf2 Nb8 39. Nb3 1-0

[Event "4NCL Division 3 North"]
[Site "Bolton, ENG"]
[Date "2020.02.08"]
[Round "5.61"]
[White "Parry, Samuel"]
[Black "Patrick, David A"]
[Result "1/2-1/2"]
[WhiteElo "1915"]
[BlackElo "1904"]
[PlyCount "63"]
[EventDate "2020.02.08"]
[WhiteTeam "J'Adoube 2"]
[BlackTeam "Bradford DCA Knights B"]

1. d4 d5 2. Nc3 Nf6 3. Bg5 c6 4. e3 Ne4 5. Nxe4 dxe4 6. Qd2 Qb6 7. O-O-O Na6 8.
Ne2 Bg4 9. h3 Bxe2 10. Bxe2 e6 11. Bf4 Nb4 12. Bc4 Nd5 13. Bb3 a5 14. c3 a4 15.
Bc2 a3 16. b3 Qa5 17. b4 Nxb4 18. cxb4 Bxb4 19. Qe2 Bc3 20. Qc4 Bb2+ 21. Kb1
Ra6 22. Bxe4 O-O 23. Bc2 Qb6 24. Qb3 Qa7 25. Qd3 g6 26. h4 Rb6 27. Bb3 Rb5 28.
h5 f6 29. Bd6 Rd5 30. Be7 {unreadable} Rd7 31. Bxf8 Kxf8 32. Bxe6 1/2-1/2

[Event "4NCL Division 3 North"]
[Site "Bolton, ENG"]
[Date "2020.02.08"]
[Round "5.62"]
[White "Baxter, Harold"]
[Black "Hirst, Joe"]
[Result "1/2-1/2"]
[WhiteElo "1861"]
[BlackElo "1915"]
[PlyCount "51"]
[EventDate "2020.02.08"]
[WhiteTeam "Bradford DCA Knights B"]
[BlackTeam "J'Adoube 2"]

1. Nf3 Nf6 2. g3 g6 3. Bg2 Bg7 4. d4 d6 5. c4 O-O 6. Nc3 c6 7. O-O Nbd7 8. Qc2
Rb8 9. a4 a5 10. Rd1 Qc7 11. Qb1 e5 12. dxe5 Nxe5 13. Nxe5 dxe5 14. Be3 Be6 15.
b3 Rfd8 16. Qb2 Ng4 17. Bg5 Rxd1+ 18. Rxd1 Qb6 19. e4 Bxc4 20. h3 Nf6 21. Nb5
Bxb5 22. Be3 Qa6 23. Qxe5 Re8 24. axb5 cxb5 25. Qc7 a4 26. e5 1/2-1/2

[Event "4NCL Division 3 North"]
[Site "Bolton, ENG"]
[Date "2020.02.08"]
[Round "5.63"]
[White "Davison, Colin F S"]
[Black "Johnson, Paul A"]
[Result "1/2-1/2"]
[WhiteElo "1900"]
[BlackElo "1818"]
[PlyCount "97"]
[EventDate "2020.02.08"]
[WhiteTeam "J'Adoube 2"]
[BlackTeam "Bradford DCA Knights B"]

1. c4 e5 2. Nc3 Nf6 3. g3 Nc6 4. Bg2 Bb4 5. Nd5 Bc5 6. e3 O-O 7. Ne2 d6 8. O-O
Nxd5 9. cxd5 Ne7 10. b3 Bb6 11. Bb2 f6 12. Rc1 Bd7 13. Nc3 c5 14. Qe2 a6 15. f4
Kh8 16. Kh1 Nf5 17. Rg1 Qe7 18. Qf2 Rac8 19. Be4 Nh6 20. f5 Be8 21. g4 g6 22.
fxg6 Bxg6 23. Bxg6 hxg6 24. Qh4 Kg7 25. Ne4 g5 26. Qg3 Rh8 27. Rcf1 Rcf8 28.
Qg2 Bd8 29. Ng3 Qd7 30. Nf5+ Nxf5 31. Rxf5 Rh6 32. Qe4 Rfh8 33. Rg2 Kg8 34.
Rff2 Qh7 35. Qxh7+ R8xh7 36. Bc3 b5 37. Kg1 Rb7 38. Rf1 c4 39. b4 Rhh7 40. Kf2
Kg7 41. Kg3 Kg6 42. Rgg1 Rh8 43. Rh1 Rf7 44. Rf5 Bb6 45. h3 Ra7 46. a3 a5 47.
Rhf1 Rf8 48. Kg2 a4 49. R5f3 1/2-1/2

[Event "4NCL Division 3 North"]
[Site "Bolton, ENG"]
[Date "2020.02.08"]
[Round "5.64"]
[White "Holliday, John K"]
[Black "Taylor, John Paul"]
[Result "0-1"]
[WhiteElo "1805"]
[BlackElo "1810"]
[PlyCount "74"]
[EventDate "2020.02.08"]
[WhiteTeam "Bradford DCA Knights B"]
[BlackTeam "J'Adoube 2"]

1. e4 e6 2. d4 d5 3. Nd2 c5 4. e5 cxd4 5. Nb3 Nc6 6. Bb5 Bd7 7. Bxc6 bxc6 8.
Nxd4 Ne7 9. Ngf3 Ng6 10. O-O Be7 11. c3 O-O 12. b4 a5 13. a3 axb4 14. cxb4 Bxb4
15. Qb3 Be7 16. Bd2 c5 17. Nc2 Qc7 18. Qe3 Ra4 19. Rfc1 Re4 20. Qc3 Nxe5 21.
Ncd4 Nxf3+ 22. gxf3 Rh4 23. f4 Bf6 24. Qg3 e5 25. f5 Rxd4 26. Bb4 c4 27. Bxf8
Kxf8 28. Qh3 Rf4 29. a4 Qc5 30. Qa3 Be7 31. Qb2 f6 32. a5 Bxf5 33. a6 Rg4+ 34.
Kf1 Bd3+ 35. Ke1 Rg1+ 36. Kd2 Qxf2+ 37. Kc3 d4# 0-1

[Event "4NCL Division 3 North"]
[Site "Bolton, ENG"]
[Date "2020.02.08"]
[Round "5.65"]
[White "Emmerton, Stephen J"]
[Black "Khan, Karim"]
[Result "1/2-1/2"]
[WhiteElo "1749"]
[BlackElo "1787"]
[PlyCount "43"]
[EventDate "2020.02.08"]
[WhiteTeam "J'Adoube 2"]
[BlackTeam "Bradford DCA Knights B"]

1. e4 e5 2. Nf3 d5 3. Nc3 d4 4. Ne2 Bd6 5. Ng3 Nf6 6. Bc4 O-O 7. d3 Nbd7 8. O-O
Nc5 9. h3 h6 10. Bd2 Qe8 11. a4 Nxa4 12. Qc1 Kh7 13. Nh4 Ng8 14. Nhf5 Nb6 15.
Bb3 Be7 16. Nxe7 Qxe7 17. f4 exf4 18. Rxf4 Be6 19. Nf5 Bxf5 20. Rxf5 a5 21. Qf1
Nd7 22. Rxf7 1/2-1/2

[Event "4NCL Division 3 North"]
[Site "Bolton, ENG"]
[Date "2020.02.08"]
[Round "5.66"]
[White "Bowman, Richard L"]
[Black "Mills, Colin J"]
[Result "1-0"]
[WhiteElo "1740"]
[BlackElo "1727"]
[PlyCount "47"]
[EventDate "2020.02.08"]
[WhiteTeam "Bradford DCA Knights B"]
[BlackTeam "J'Adoube 2"]

1. d4 d5 2. Bf4 h5 3. Nc3 e6 4. h4 Bd6 5. Qd2 c6 6. e4 Bxf4 7. Qxf4 Qf6 8. Qe3
Ne7 9. Nf3 Nd7 10. Bd3 Qh6 11. Ng5 Nf6 12. Qf3 dxe4 13. Ncxe4 Nf5 14. c3 Nxe4
15. Bxe4 Bd7 16. d5 O-O 17. dxc6 Bxc6 18. Bxc6 bxc6 19. g4 Nxh4 20. Rxh4 Qxg5
21. Rxh5 Qg6 22. Qh1 f6 23. O-O-O Qxg4 24. Rd7 1-0

[Event "4NCL Division 3 North"]
[Site "Bolton, ENG"]
[Date "2020.02.08"]
[Round "5.201"]
[White "Bramson, Mike"]
[Black "Lonsdale, Jon I"]
[Result "1/2-1/2"]
[WhiteElo "1786"]
[BlackElo "1885"]
[PlyCount "108"]
[EventDate "2020.02.08"]
[WhiteTeam "Bradford DCA Knights C"]
[BlackTeam "Manchester Manticores 3"]

1. e4 c5 2. Nf3 Nc6 3. Nc3 e5 4. Bc4 Be7 5. d3 Nf6 6. Nd2 O-O 7. Nf1 a6 8. a4
Nb4 9. Ne3 d6 10. O-O Be6 11. Ncd5 Nbxd5 12. exd5 Bc8 13. f4 exf4 14. Rxf4 Nd7
15. Nf5 Ne5 16. Nxe7+ Qxe7 17. Qe2 Bd7 18. Bd2 Rae8 19. Re1 f6 20. Bc3 Qd8 21.
Qh5 Ng6 22. Rfe4 Rxe4 23. Rxe4 Be8 24. Qe2 Bf7 25. h4 Re8 26. h5 Nf4 27. Rxe8+
Qxe8 28. Qd2 Ne2+ 29. Kf2 Nxc3 30. bxc3 Bxh5 31. d4 cxd4 32. Qxd4 Qxa4 33. Qe4
Bf7 34. Qg4 Qe8 35. Bd3 Bxd5 36. Qf5 Qe6 37. Qxh7+ Kf8 38. Qh8+ Qg8 39. Qh5 Ke7
40. Qh4 Kd8 41. c4 Be6 42. Qf4 Kd7 43. Be4 Bxc4 44. Bxb7 Qe6 45. Be4 Kc7 46.
Qe3 d5 47. Qa7+ Kd6 48. Bf3 g5 49. c3 Qe8 50. Qb6+ Ke7 51. Qa7+ Kf8 52. Bh5 Qe7
53. Qb8+ Kg7 54. Qb1 Qc5+ 1/2-1/2

[Event "4NCL Division 3 North"]
[Site "Bolton, ENG"]
[Date "2020.02.08"]
[Round "5.204"]
[White "Taylor, Mark"]
[Black "Ibbitson, Anthony"]
[Result "1-0"]
[WhiteElo "1840"]
[BlackElo "1735"]
[PlyCount "79"]
[EventDate "2020.02.08"]
[WhiteTeam "Manchester Manticores 3"]
[BlackTeam "Bradford DCA Knights C"]

1. e4 e6 2. d4 d5 3. exd5 exd5 4. Bd3 Bd6 5. Be3 Ne7 6. Qf3 Nd7 7. Nd2 Nf6 8.
h3 h6 9. O-O-O Be6 10. Ne2 Qd7 11. Kb1 Bf5 12. Nc1 O-O-O 13. c4 Bxd3+ 14. Nxd3
Qf5 15. Qe2 dxc4 16. Nxc4 Nfd5 17. Ka1 f6 18. Nxd6+ Rxd6 19. g4 Qg6 20. Nc5 Qe8
21. Rhe1 Ng6 22. Qf3 Nh4 23. Qg3 Ng6 24. Bf4 Ngxf4 25. Rxe8+ Rxe8 26. Qb3 Rb6
27. Qa4 c6 28. Qxa7 Re2 29. Qa8+ Kc7 30. Na4 Rxf2 31. Qf8 g5 32. Qxh6 Ne2 33.
Rd2 Rb4 34. Qh7+ Kd6 35. Qe4 Nec3 36. Qd3 Rf4 37. Nxc3 Nxc3 38. Qxc3 Rb5 39.
Re2 Rd5 40. Qb4+ 1-0